000 00657nam a2200241Ia 4500
003 OSt
005 20221007072138.0
006 a|||||r|||| 00| 0
007 ta
008 221006b |||||||| |||| 00| 0 eng d
024 _a16,867
037 _cTextual
040 _aFLL
_cFLL
_beng
041 _2eng
_aeng
082 _aY1:45:61:Z3, K3
100 _aMorrish R. Au.
_9690138
245 0 _aCriminal law and police investigation
250 _a7th
260 _aLondon
_bPolice review publishing co. ltd. England
_c1963
300 _a265p
_ccm.
942 _hY1:45:61:Z3, K3
_cTEXL
_2CC
999 _c1145305
_d1145305